| 000 | 00993nam a2200301Ia 4500 | ||
|---|---|---|---|
| 005 | 20220317001856.0 | ||
| 008 | 170410s2008 sp g 000 0 spa | ||
| 020 | _a9788466217187 | ||
| 041 | _aspa | ||
| 082 | 0 | 4 |
_a291 _bZ13e |
| 100 | 1 | _aZaitegui Pérez, Miriam | |
| 245 | 1 | 0 |
_aEntender las religiones _bdioses, personajes y creencias _cMiriam Zaitegui Pérez ; colaboración en textos Celia Maldonado Caparrós |
| 250 | _aPrimera edición | ||
| 264 | 1 |
_aMadrid _bLibsa _c2008 |
|
| 300 |
_a287 páginas _c24 cm. |
||
| 336 |
_atexto _btxt _2rdacontent |
||
| 337 |
_asin mediación _bn _2rdamedia |
||
| 338 |
_avolumen _bnc _2rdacarrier |
||
| 490 | _a100 claves | ||
| 500 | _aIncluye datos biográficos de la autora en solapa | ||
| 650 | 1 | 4 |
_2LEMB _aReligiones _vHistoria |
| 650 | 1 | 4 |
_2LEMB _aDioses |
| 650 | 1 | 4 |
_2LEMB _aRitos y ceremonias |
| 650 | 1 | 4 |
_2LEMB _aSitios sagrados |
| 700 | 1 |
_aMaldonado Caparrós, Celia _978255 |
|
| 942 |
_2ddc _cBK |
||
| 040 |
_aCO-BoRNBP _bspa _erda _cCO-BoRNBP |
||
| 999 |
_c8387 _d8387 |
||